| 000 | 00538nam a22001815i 4500 | ||
|---|---|---|---|
| 020 | _a9781133943891 | ||
| 082 |
_a624.171 _bKAS |
||
| 100 | 1 |
_aKassimali, Aslam. _951193 |
|
| 245 | 1 | 0 |
_aStructural analysis / _cAslam Kassimali. |
| 250 | _a5th Ed. | ||
| 260 |
_aNew Delhi; _bCengage Learning. _c2015. |
||
| 300 | _aXVI. 813 p. | ||
| 526 |
_a0 _b0 _c0 _d624_171000000000000_KAS |
||
| 526 |
_a0 _b0 _c0 _d624_171000000000000_KAS |
||
| 526 |
_a0 _b0 _c0 _d624_171000000000000_KAS |
||
| 526 |
_a0 _b0 _c0 _d624_171000000000000_KAS |
||
| 942 |
_2ddc _cBK |
||
| 999 |
_c553949 _d553949 |
||